Cricket: Highest Individual List A Scores - Statistics

General Stats
  • This quiz has been taken 13 times
    6 since last reset
  • The average score is 10 of 47
Answer Stats
Country Year For Against Score Answer % Correct
WI 2015 West Indies Zimbabwe 215 (147) Chris Gayle
100%
IND 2010 India South Africa 200* (147) Sachin Tendulkar
100%
IND 2014 India Sri Lanka 264 (173) Rohit Sharma
80%
IND 2013 India Australia 209 (158) Rohit Sharma
80%
IND 2017 India Sri Lanka 208* (153) Rohit Sharma
80%
PAK 2022 Sindh Khyber 206 (136) Sharjeel Khan
80%
PAK 2024 Eshaal Sui Northern 201* (132) Usman Khan
80%
IND 2011 India West Indies 219 (149) Virender Sehwag
60%
AUS 2023 Australia Afghanistan 201* (128) Glenn Maxwell
40%
NZ 2015 New Zealand West Indies 237* (163) Martin Guptill
40%
AUS 2015 South Australia Western Australia 202 (120) Travis Head
40%
IND 2019 Mumbai Jharkhand 203 (154) Yashasvi Jaiswal
40%
PAK 2018 Islamabad Peshawar 209* (156) Abid Ali
20%
SL 2024 Colombo Jaffna 206 (142) Charith Asalanka
20%
AUS 2018 Western Australia Queensland 257 (148) D'Arcy Short
20%
SA 1974 Eastern Province Border 222* Graeme Pollock
20%
IND 2022 India Bangladesh 210 (131) Ishan Kishan
20%
PAK 2018 WAPDA Habib Bank 200 (148) Kamran Akmal
20%
PAK 2005 Pakistan Customs Defence HA 207 Mohammad Ali
20%
SL 2024 Sri Lanka Afghanistan 210* (139) Pathum Nissanka
20%
IND 2019 Kerala Goa 212* (129) Sanju Samson
20%
SA 1975 Natal African XI 202* Alan Barrow
0%
ENG 2002 Surrey Glamorgan 268 (160) Ali Brown
0%
ENG 1997 Surrey Hampshire 203 Ali Brown
0%
ENG 2022 Sussex Somerset 206 (161) Ali Orr
0%
WI 1984 Warwickshire Oxfordshire 206 Alvin Kallicharran
0%
ENG 2016 England Lions Sri Lanka A 220* (131) Ben Duckett
0%
AUS 2014 Tasmania Queensland 229* (157) Ben Dunk
0%
NZ 2024 Canterbury Otago 205 (110) Chad Bowes
0%
PAK 2018 Pakistan Zimbabwe 210* (156) Fakhar Zaman
0%
ENG 2023 Gloucestershire Somerset 224* (151) James Bracey
0%
NZ 2013 Central Districts Northern Districts 222 (138) Jamie How
0%
IND 2018 Uttarakhand Sikkim 202 (135) Karn Kaushal
0%
PAK 2009 Karachi Dolphins Quetta Bears 204* (163) Khalid Latif
0%
SA 2019 Gauteng Western Province 200 (159) Mitchell van Buuren
0%
IND 2022 Tamil Nadu Arunachal Pradesh 277 (141) Narayan Jagadeesan
0%
ENG 2022 Kent Worcestershire 206* (131) Ollie Robinson
0%
AUS 2014 Australia A South Africa A 202* (151) Phil Hughes
0%
IND 2023 Northamptonshire Somerset 244 (153) Prithvi Shaw
0%
IND 2021 Mumbai Puducherry 227* (152) Prithvi Shaw
0%
ENG 2008 Essex Leicestershire 201* (138) Ravi Bopara
0%
IND 2022 Maharashtra Uttar Pradesh 220* (159) Ruturaj Gaikwad
0%
IND 2022 Saurashtra Manipur 200 (131) Samarth Vyas
0%
IND 2013 India A South Africa A 248 (150) Shikhar Dhawan
0%
BAN 2019 Abahani Ltd Sheikh Jamal 208* (153) Soumya Sarkar
0%
AUS 2021 South Australia Queensland 230 (127) Travis Head
0%
ENG 1996 Leicestershire Berkshire 201 Vince Wells
0%
No matching quizzes found
Score Distribution
Percent of People with Each Score
Percentile by Number Answered
Your Score History
You have not taken this quiz since the last reset